Rovnovážný měnový kurz

Koncept rovnovážneho menového kurzu (ERER) - prechod k voľne pohyblivým menovým kurzom. Rôzne definície reálneho menového kurzu. Prístupy k modelovaniu ERER. Dlhodobé kurzové zmeny vyvolané rozdielnymi tempami rastu produktivity, akumuláciou kapitálu v krajinách chudobných na kapitál, rozdielnymi te...

Descrizione completa

Salvato in:
Dettagli Bibliografici
Autore principale: Kreidl, V.
Natura: Capitolo di libro
Lingua:ceco
Soggetti:
Tags: Aggiungi Tag
Nessun Tag, puoi essere il primo ad aggiungerne!!

MARC

LEADER 00000naa a2200000 4500
001 r028026
005 20230922092521.6
041 0 |a cze 
044 |a CZ 
245 1 0 |a Rovnovážný měnový kurz  |c V. Kreidl 
520 |a Koncept rovnovážneho menového kurzu (ERER) - prechod k voľne pohyblivým menovým kurzom. Rôzne definície reálneho menového kurzu. Prístupy k modelovaniu ERER. Dlhodobé kurzové zmeny vyvolané rozdielnymi tempami rastu produktivity, akumuláciou kapitálu v krajinách chudobných na kapitál, rozdielnymi tempami ekonomického rastu, akumuláciou zahraničného dlhu, špecifikami transformačného obdobia. 
610 2 0 |a kurz menový 
610 2 0 |a kurz menový rovnovážny 
610 2 0 |a kurz výmenný pevný 
610 2 0 |a kurz výmenný pohyblivý 
610 2 0 |a pojmy 
610 2 0 |a modelovanie 
610 2 0 |a modely 
610 2 0 |a rovnováha 
610 2 0 |a účty bežné 
610 2 0 |a účty národné 
610 2 0 |a saldo 
610 2 0 |a deficit 
610 2 0 |a rovnováha hospodárska 
610 2 0 |a Edwards, S. 
610 2 0 |a produktivita 
610 2 0 |a rast hospodársky 
610 2 0 |a produkt domáci hrubý 
610 2 0 |a transformácia 
100 1 |a Kreidl, V.